Гидролиз полисахаридов, превращенных в легкогидролизуемое состояние методом механо-химической обработки; Сборник трудов Всесоюзного научно-исследовательского института гидролизной и сульфитно-спиртовой промышленности (ВНИИГС); Том 14

Bibliographic Details
Parent link:Сборник трудов Всесоюзного научно-исследовательского института гидролизной и сульфитно-спиртовой промышленности (ВНИИГС)/ Всесоюзный научно-исследовательский институт гидролизной и сульфитно-спиртовой промышленности (ВНИИГС).— , 1965-1967
Том 14.— 1965.— С. 166-179
Main Author: Чалов Н. В.
Other Authors: Горячих Е. Ф., Шарков В. И.
Language:Russian
Published: 1965
Series:Гидролиз растительных материалов концентрированными кислотами
Format: Book Chapter
KOHA link:https://koha.lib.tpu.ru/cgi-bin/koha/opac-detail.pl?biblionumber=195521

MARC

LEADER 00000naa2a2200000 4500
001 195521
005 20231031182849.0
035 |a (RuTPU)RU\TPU\book\213318 
035 |a RU\TPU\book\213317 
090 |a 195521 
100 |a 20110511d1965 k y0rusy50 ca 
101 0 |a rus 
102 |a RU 
200 1 |a Гидролиз полисахаридов, превращенных в легкогидролизуемое состояние методом механо-химической обработки  |f Н. В. Чалов, Е. Ф. Горячих, В. И. Шарков 
225 1 |a Гидролиз растительных материалов концентрированными кислотами 
320 |a Библиогр.: с. 179 (1 назв.) 
461 0 |0 (RuTPU)RU\TPU\book\213269  |t Сборник трудов Всесоюзного научно-исследовательского института гидролизной и сульфитно-спиртовой промышленности (ВНИИГС)  |f Всесоюзный научно-исследовательский институт гидролизной и сульфитно-спиртовой промышленности (ВНИИГС)  |d 1965-1967 
463 0 |0 (RuTPU)RU\TPU\book\213270  |t Том 14  |f под ред. Ю. А. Цирлина  |v С. 166-179  |d 1965  |p 284 с. 
700 1 |a Чалов  |b Н. В. 
701 1 |a Горячих  |b Е. Ф. 
701 1 |a Шарков  |b В. И. 
801 1 |a RU  |b 63413507  |c 20110511 
801 2 |a RU  |b 63413507  |c 20111007  |g RCR 
942 |c BK